Click the German States on a Map - Statistics

General Stats
  • This quiz has been taken 54 times
  • The average score is 12 of 16
Answers on the Map
Answers color-coded by a green-red scale on the quiz's map according to % correct below.
 
Answer Stats
Answer % Correct
Bavaria
92%
Berlin
92%
Hamburg
85%
Bremen
79%
Saarland
79%
Brandenburg
77%
Schleswig-Holstein
77%
Baden-Württemberg
74%
Rhineland-Palatinate
74%
Lower Saxony
69%
North Rhine-Westphalia
67%
Thuringia
67%
Mecklenburg-Vorpommern
64%
Saxony
64%
Hesse
56%
Saxony-Anhalt
56%
No matching quizzes found
Score Distribution
Percent of People with Each Score
Percentile by Number Answered
Your Score History
You have not taken this quiz